000 00337nam a22001217a 4500
008 230626b xxu||||| |||| 00| 0 eng d
020 _a085092183X
082 _a337
_bWOR 1980
245 _aThe World Economic Crisis
_bA Commonwealth Perspective
260 _aLondon
_bCommonwealth Secretariat
_c1980
300 _aVII,101p
942 _2ddc
_cBK
999 _c2777
_d2777